| 000 | 01129cam a2200193 4500 | ||
|---|---|---|---|
| 001 | WB3826-12 | ||
| 008 | 020716n2002 000 0 eng u | ||
| 035 | _a(Sirsi) u118856 | ||
| 245 | _aSafe use of work equipment | ||
| 260 | _c2002 | ||
| 490 |
_aHSE News Release _v(E135:02) 11 July 2002, (1) |
||
| 520 | _aThe Health and Safety Executive (HSE) has published new guidance aimed at reducing risks of injury from using work equipment. "Using work equipment safely" (INDG229(rev1) ISBN 0 7176 2389 gives practical advice on how to select, use and maintain equipment including machinery and covers all situations where the Health and Safety at Work Act 1974 applies. A single free copy or priced packs of 10 are available from HSE Books, PO Box 1999, Sudbury, Suffolk, CO10 2WA. T 44 (0)1787 881165. F 44 (0) 1787 313995. http://213.38.88.195/coi/coipress.nsf/567e3dc25f61661580256ae8003b4907/1b5801051981e60b80256bf3005860be?OpenDocument | ||
| 590 | _aWB | ||
| 650 | _aWORK EQUIPMENT | ||
| 650 | _aHEALTH AND SAFETY AT WORK ETC ACT 1974 | ||
| 650 | _aACCIDENTS AT WORK | ||
| 690 |
_aHealth and safety _96244 |
||
| 942 | _n0 | ||
| 999 |
_c70740 _d70740 |
||